[Event "NED-ch45"]
[Site "Hilversum"]
[Date "1990.06.12"]
[Round "2"]
[White "Pliester, Leon"]
[Black "Ree, Hans"]
[Result "1-0"]
[WhiteElo "2390"]
[BlackElo "2455"]
[Annotator "Horn,Pe"]
[PlyCount "99"]
[EventDate "1990.06.11"]
[EventType "tourn"]
[EventRounds "11"]
[EventCountry "NED"]
[EventCategory "9"]
[SourceTitle "CBM 019"]
[Source "ChessBase"]
[SourceDate "1990.12.01"]
[SourceVersion "1"]
[SourceVersionDate "1990.12.01"]
[SourceQuality "1"]

1. f4 d5 2. Nf3 g6 3. g3 Bg7 4. Bg2 Nf6 5. O-O O-O 6. d3 Nc6 {S will e5
durchsetzen; üblicher ist zunächst c5.} 7. Na3 {neu} (7. c3 Qd6 $5 (7... Re8 $5
)) (7. Nh4 e5 8. f5) 7... Bg4 8. c4 $5 dxc4 (8... Bxf3 {/\ e5 sieht konsequent
aus.} 9. Bxf3 e5 10. cxd5 Nxd5 11. Qb3 Nb6 12. Bxc6 bxc6) 9. Nxc4 Be6 10. Qa4
a6 11. Nce5 Nxe5 12. fxe5 Ng4 13. Ng5 Bd7 (13... Bc8 14. d4 (14. e6 Qd4+ 15.
Qxd4 Bxd4+) (14. Bxb7 Bxb7 15. Qxg4 Bxe5) 14... c5) 14. Qb3 Be8 $2 (14... e6
15. d4 $16) 15. Ne6 $1 fxe6 16. Qxe6+ Bf7 17. Qxg4 Bxe5 18. Bh6 Qd4+ 19. Qxd4
Bxd4+ 20. e3 Bg7 21. Bxg7 Kxg7 22. Bxb7 Rab8 23. Bxa6 Rxb2 24. Bc4 Bxc4 25.
Rxf8 Kxf8 26. dxc4 Ke8 27. a4 Kd7 28. a5 Kc6 29. a6 Rb8 30. Kf2 Kc5 31. a7 Ra8
32. Kf3 c6 33. Ra6 Kxc4 34. Rxc6+ Kd3 35. Ra6 Rf8+ 36. Kg4 Ra8 37. Ra3+ Ke4 38.
Kg5 Kf3 39. Kh6 Kg2 40. Ra2+ Kf3 41. Kxh7 Kxe3 42. Kxg6 e5 43. Kf5 e4 44. Ra3+
Kd4 45. Kf4 Rf8+ 46. Kg4 Ra8 47. h4 Rg8+ 48. Kh3 Ra8 49. Kg2 Ke5 50. Kf2 1-0

[Event "Interzonal-15"]
[Site "Manila"]
[Date "1990.??.??"]
[Round "12"]
[White "Mascarinas, Rico"]
[Black "Hmadi, Slaheddine"]
[Result "1/2-1/2"]
[WhiteElo "2465"]
[BlackElo "2335"]
[Annotator "Horn,Pe"]
[PlyCount "98"]
[EventDate "1990.06.29"]
[EventType "swiss"]
[EventRounds "13"]
[EventCountry "PHI"]
[SourceTitle "CBM 019"]
[Source "ChessBase"]
[SourceDate "1990.12.01"]
[SourceVersion "1"]
[SourceVersionDate "1990.12.01"]
[SourceQuality "1"]

1. f4 c5 2. Nf3 g6 3. g3 Bg7 4. Bg2 Nc6 5. O-O Nf6 6. d3 d5 7. c3 O-O 8. Qe1 {
mit vertauschten Farben ein Modezug} b6 9. e4 dxe4 10. dxe4 e6 11. Qe2 Qc7 12.
Nbd2 Bb7 13. e5 Nd5 14. Ne4 $14 Rad8 15. g4 (15. Bd2) 15... h6 16. g5 (16. h4
$5) 16... Nce7 $1 17. h4 $6 {Die Schwäche g3 gibt S taktische Gegenchancen.} (
17. Nf6+) 17... Nf5 18. h5 Nde3 $1 19. gxh6 (19. Bxe3 Bxe4 20. Qf2 Rd3 $17)
19... Nxf1 20. hxg7 Kxg7 21. h6+ Kxh6 22. Bxf1 Bxe4 23. Qxe4 Rd1 {/\ Rxf1} 24.
Qe2 Rfd8 25. b3 Kg7 26. Bb2 Qd7 27. Rxd1 Qxd1 28. Qxd1 Rxd1 29. Kf2 Rb1 30. Ba3
Ra1 31. Be2 Rxa2 32. Bc1 a5 33. Bd2 Nh4 34. Ke3 Nxf3 35. Bxf3 b5 36. Bc6 Ra3
37. Bxb5 Rxb3 38. Bc4 Rb1 (38... Rb2 39. Ke2 a4 40. Kd1) 39. Kd3 a4 40. Kc2 Rb8
41. Bc1 Rb7 42. Ba3 Rc7 43. Bb5 g5 44. fxg5 Kg6 45. c4 Kxg5 46. Bxa4 f6 47.
exf6 Kxf6 48. Bb5 Ke5 49. Kd3 Kd6 1/2-1/2

[Event "URS-chT Republics 19th final A"]
[Site "Azov"]
[Date "1991.??.??"]
[Round "2"]
[White "Ibragimov, Ildar"]
[Black "Eingorn, Vereslav S"]
[Result "0-1"]
[WhiteElo "2485"]
[BlackElo "2585"]
[Annotator "Horn,Pe"]
[PlyCount "80"]
[EventDate "1991.??.??"]
[EventType "team-tourn"]
[EventRounds "3"]
[EventCountry "URS"]
[SourceTitle "EXT 2020"]
[Source "ChessBase"]
[SourceDate "2019.10.17"]
[SourceVersion "1"]
[SourceVersionDate "2019.10.17"]
[SourceQuality "1"]
[WhiteTeam "Russia"]
[BlackTeam "Ukraine"]
[WhiteTeamCountry "RUS"]
[BlackTeamCountry "UKR"]

1. b3 Nf6 2. Bb2 e6 3. f4 b6 4. Nf3 Bb7 5. e3 Be7 6. Be2 O-O 7. O-O c5 8. d3
Nc6 9. Qe1 d5 10. Nbd2 d4 $1 {Eine typische Ressource gegen Holländisch mit Bb2
} 11. exd4 (11. Nc4 $5 b5 12. Nce5 dxe3 13. Nxc6 Bxc6 14. Ne5 Bb7 15. Qg3 $13)
(11. e4 $6 Ng4 {><e3}) 11... Nxd4 12. Nxd4 $6 (12. Bd1) 12... cxd4 $17 {
Wegen der Schwächen (><c2,e3) ist die einzige weiße Chance, ein Gegenspiel
gegen d4 zu organisieren.} 13. Bf3 (13. Nf3 $5 Bxf3 (13... Bc5 $6 14. b4) 14.
Bxf3 Rc8 $17) 13... Rb8 $1 (13... Bxf3 $2 14. Nxf3 {><d4}) 14. Kh1 {/\ Qf2} (
14. Qf2 Bxf3 15. Nxf3 Ng4) (14. Bxb7 Rxb7 15. Nf3 Rd7 16. Ne5 Rd5) 14... Bb4
15. a3 Bxd2 16. Qxd2 {Die Lage hat sich geklärt: Pd4 ist nicht zu gefährden.}
Qd7 17. Bxb7 Rxb7 18. Qf2 Rd8 19. Rae1 Rc7 20. Re2 Rc5 21. Qh4 h6 22. Rff2 Qc7
$6 23. f5 $1 e5 (23... exf5 $2 24. Bxd4 g5 25. Qxh6 $18) 24. Bc1 {/\ Bxh6} Rc6
25. Bxh6 gxh6 26. Qxh6 e4 $1 (26... Nh7 27. f6) (26... Ng4 27. Qg5+) (26... Ne4
27. f6 Nxf2+ 28. Rxf2 Rxf6 29. Qxf6 $18) 27. Rf4 {/\ Rh4+-} (27. dxe4 d3) 27...
Rxc2 (27... exd3 $2 28. Rh4 $18) 28. Re1 (28. Rxc2 Qxc2 29. h3 Qc1+ 30. Kh2
exd3 31. Rg4+ $2 Nxg4+ $19) 28... Rc1 29. Rfxe4 Nxe4 30. Rxc1 Qd6 31. Qh4 Nf6
32. Re1 (32. Rf1 Rc8) 32... Nh7 33. b4 Qf6 34. Qf4 Qg5 35. Qc7 Rf8 36. Qe5 Rc8
37. h3 Rc2 38. Qd5 Qg3 39. Rf1 Nf6 40. Qa8+ Kg7 0-1

[Event "NED-ch51"]
[Site "Amsterdam"]
[Date "1996.06.09"]
[Round "3"]
[White "Reinderman, Dimitri"]
[Black "Timman, Jan H"]
[Result "0-1"]
[WhiteElo "2495"]
[BlackElo "2620"]
[Annotator "Horn,Pe"]
[PlyCount "72"]
[EventDate "1996.06.07"]
[EventType "tourn"]
[EventRounds "11"]
[EventCountry "NED"]
[EventCategory "11"]
[SourceTitle "CBM 054"]
[Source "ChessBase"]
[SourceDate "1996.10.01"]
[SourceVersion "1"]
[SourceVersionDate "1996.10.01"]
[SourceQuality "1"]

1. f4 d5 2. b3 Bg4 3. g3 (3. Bb2 Nc6 4. g3 $6 e5 (4... f6 $5) 5. fxe5 f6 $15 {
Kupreichik-Yusupov/Erevan zt/1982}) 3... Nd7 4. Bb2 c6 5. Bg2 e6 6. Nf3 Ngf6 7.
O-O Bd6 8. Ne5 $146 (8. e3 Qc7 (8... e5 9. h3 $5) 9. c4 O-O-O 10. Bxf6 Nxf6 11.
Nc3 g5 (11... h5) 12. cxd5 (12. fxg5 Ne4 13. cxd5 Nxc3 14. dxc3 Bc5 15. Qe1
exd5 $15 {[%csl Re3]}) 12... Nxd5 13. Nxd5 exd5 14. Qc2 (14. fxg5 h6 $15) 14...
gxf4 15. exf4 h5 $36 {Buecker,S-Libeau/Dortmund/1991}) (8. c4 $5) 8... Bf5 9.
Nxd7 (9. c4 Bxe5 10. fxe5 Ng4 {[%csl Re5]} 11. cxd5 cxd5 12. Nc3 Bg6 $13 (12...
Ngxe5 13. Nxd5)) (9. d4 {Das ist zwar relativ solide, gibt aber zu, daß es mit
der Eröffnung nicht recht geklappt hat.} Be4 10. c4 {/\ Nc3}) 9... Qxd7 10. e3
h5 11. h3 O-O-O 12. d3 Rde8 {[%cal Ye6e5]} 13. Qf3 (13. Bxf6 gxf6 14. e4 Bh7
$132) 13... Bh7 {[%cal Ye6e5]} 14. Be5 (14. Nd2 e5 15. fxe5 Bxe5 16. Bxe5 Rxe5
$15) 14... Qc7 15. Bxd6 Qxd6 16. Qf2 e5 17. Nd2 $2 (17. f5 $142) 17... e4 18.
d4 Bf5 $1 {[%csl Rg2] bereitet h5-h4 /\ g3-g4/Bf5xg4 vor.} 19. c4 (19. Qe2 Qd7
20. Kh2 h4 21. g4 Bxg4 22. hxg4 h3 $1 (22... Nxg4+ $2 23. Qxg4 Qxg4 24. Bh3 $18
) 23. Bxh3 Nxg4+ 24. Kg3 Rxh3+ 25. Kxh3 Nxe3+ 26. Kg3 Nf5+ $19) 19... Qd7 20.
h4 (20. cxd5 cxd5 21. Rfc1+ Kb8 22. h4) (20. Kh2 $2 h4 21. g4 $2 Bxg4) 20...
Ng4 {[%csl Gg4]} 21. Qe2 f6 {[%cal Yg7g5] bereitet die Öffnung der g-Linie vor.
} 22. cxd5 (22. Bh3 $2 Nxe3 $19) 22... cxd5 23. Rac1+ (23. b4 $2 {zu langsam}
g5 24. b5 gxh4 25. gxh4 Rhg8 $40) 23... Kb8 24. Rc3 {[%cal Yf1c1]} g5 25. Rfc1
gxf4 $2 {gibt Weiß eine Wahl.} (25... gxh4 26. gxh4 Rhg8 27. Nf1 Nh6 28. Rc7
Qxc7 29. Rxc7 Kxc7 $17) 26. exf4 $5 {[%cal Yd2f1,Yg2h3] So kann die g-Linie
geschlossen bleiben.} (26. gxf4 {siehe oben}) 26... Rc8 (26... Rhg8 27. Nf1)
27. Nf1 Rxc3 28. Rxc3 Rc8 29. Qe1 (29. Rxc8+ Qxc8 30. Qd2) 29... Qd6 30. Rxc8+
Bxc8 31. Bh3 Qa6 32. Qd2 (32. Qb4) (32. Bxg4 Bxg4 33. Qd2) 32... e3 33. Qb4 $2
(33. Nxe3 Nxe3 34. Bxc8 Qf1+ 35. Kh2 Qf3 36. Bh3 a6 $44 {Angesichts seiner
hereingekletterten Figuren steht Schwarz trotz des weißen Mehrbauern besser,
aber einen Gewinn habe ich nicht gefunden.} 37. Qb2 Qd1 38. Qc3 Qe2+ 39. Kg1
Nd1 40. Qc8+ Ka7 41. Qc5+) 33... e2 $19 34. Nh2 Nxh2 35. Kxh2 Bxh3 36. Kxh3
Qe6+ 0-1

[Event "San Francisco"]
[Site "San Francisco"]
[Date "1991.??.??"]
[Round "11"]
[White "Rogers, Ian"]
[Black "Polgar, Zsuzsa"]
[Result "1/2-1/2"]
[WhiteElo "2545"]
[BlackElo "2510"]
[Annotator "Horn,Pe"]
[PlyCount "83"]
[EventDate "1991.03.??"]
[EventType "tourn"]
[EventRounds "11"]
[EventCountry "USA"]
[EventCategory "12"]
[SourceTitle "CBM 023"]
[Source "ChessBase"]
[SourceDate "1991.08.01"]
[SourceVersion "1"]
[SourceVersionDate "1991.08.01"]
[SourceQuality "1"]

1. b3 d5 2. Bb2 Nf6 3. e3 e6 4. f4 Bd6 (4... Be7 {ist üblich}) 5. Nf3 O-O 6.
Bd3 Nbd7 7. O-O Qe7 {/\ e5} 8. Ne5 Nc5 9. Rf3 $5 (9. Be2 {/\ d3}) 9... Nxd3 10.
cxd3 Nd7 11. Rh3 Bxe5 12. fxe5 f6 13. Qh5 h6 (13... g6 14. exf6 $16) 14. Qg6 {
/\ Rxh6} Kh8 15. exf6 Nxf6 16. Be5 (16. Nc3 $2 e5 $15) 16... Qf7 17. Qxf7 Rxf7
18. Nc3 (18. Rf3 $5 $14) 18... Ng4 19. d4 Nxe5 20. dxe5 $14 Bd7 21. Rf3 Kg8 22.
d4 Re7 23. Rc1 a5 24. Ne2 (24. a3 $5 $14) 24... Be8 25. Nf4 a4 $1 (25... g5 $6
26. Nd3 $16) 26. b4 a3 $1 {fixiert Pa2} 27. h4 Ra4 28. Rc3 Bb5 (28... Rxb4 29.
Rxa3 $14) 29. Ng6 Rf7 30. Rxc7 Rxf3 (30... Rxc7 $4 31. Rf8+ Kh7 32. h5 $18) 31.
gxf3 h5 (31... Rxb4 32. h5 (32. Rxb7 Rb1+ 33. Kf2 Rb2+ 34. Kg3 Be8 35. Ne7+ Kf8
36. Ra7 Rxa2 $17) 32... Be8 33. Rc8 Kf7 34. Rc7+ Kg8 35. Rc8 $10) 32. Rxb7 Bc4
33. f4 (33. Nf4 Bxa2 34. Nxe6 Bc4 35. Rxg7+ Kh8 36. Rb7) 33... Bxa2 34. f5 exf5
35. e6 Ra8 36. Rd7 Bb3 37. e7 Re8 (37... a2 38. Rd8+ $18) 38. Ra7 a2 39. b5 Kf7
40. Ne5+ Ke6 41. Kf2 f4 (41... Rxe7 $4 42. Ra6#) 42. Nc6 (42. exf4 Rxe7 $17)
1/2-1/2

[Event "Helsinki op"]
[Site "Helsinki"]
[Date "1992.??.??"]
[Round "9"]
[White "Ragozin, Evgeni"]
[Black "Aseev, Konstantin N"]
[Result "1-0"]
[WhiteElo "2505"]
[BlackElo "2550"]
[Annotator "Horn,Pe"]
[PlyCount "81"]
[EventDate "1992.09.??"]
[EventType "swiss"]
[EventRounds "9"]
[EventCountry "FIN"]
[SourceTitle "CBM 032"]
[Source "ChessBase"]
[SourceDate "1993.02.01"]
[SourceVersion "1"]
[SourceVersionDate "1993.02.01"]
[SourceQuality "1"]

1. f4 d5 2. Nf3 c5 3. g3 g6 4. Bg2 Bg7 5. O-O Nf6 6. c3 O-O 7. e3 Nc6 8. Na3
Qc7 9. d3 a6 (9... e5 10. fxe5 Nxe5 11. Nb5 Qe7 12. Nxe5 Qxe5 13. e4 dxe4 14.
Bf4 $36) 10. Nh4 Rd8 11. Qe1 b5 12. e4 d4 13. c4 Rb8 14. h3 Nb4 15. Qe2 bxc4
16. Nxc4 Be6 17. b3 Ne8 18. g4 Nd6 19. Nb2 Nb5 20. f5 Nc3 21. Qd2 Bd7 22. Nc4
a5 23. Nf3 a4 24. Kh1 Qg3 $6 (24... axb3 25. axb3 Ra8) 25. a3 Nxd3 $2 (25...
Nc6 $13) 26. Qxd3 Rxb3 27. Bg5 $1 Bc6 28. Ncd2 Bb5 29. Qc2 Bxf1 30. Rxf1 d3 31.
Qc1 Rb7 $2 32. e5 $18 {/\ Qxc3 oder Ne4} Bxe5 33. Nxe5 Qxe5 34. Bxb7 Ne2 35.
Qa1 Qc7 36. Rb1 c4 37. Nxc4 Qxc4 38. Bxe7 Re8 39. Bf6 d2 40. Bh8 Nc3 41. Qxc3
1-0

[Event "Groningen op"]
[Site "Groningen"]
[Date "1990.??.??"]
[Round "3"]
[White "Beim, Valery"]
[Black "Rashkovsky, Nukhim N"]
[Result "1/2-1/2"]
[WhiteElo "2480"]
[BlackElo "2530"]
[Annotator "Horn,Pe"]
[PlyCount "51"]
[EventDate "1990.??.??"]
[EventType "swiss"]
[EventRounds "9"]
[EventCountry "NED"]
[SourceTitle "CBM 022"]
[Source "ChessBase"]
[SourceDate "1991.06.01"]
[SourceVersion "1"]
[SourceVersionDate "1991.06.01"]
[SourceQuality "1"]

1. g3 g6 2. Bg2 Bg7 3. d3 d5 4. f4 c5 5. Nf3 Nc6 6. O-O Nf6 7. Qe1 {Mit
vertauschten Farben ein Modezug.} O-O 8. Na3 (8. c3) 8... e5 $1 {Wurde durch
Na3 erleichtert.} 9. fxe5 Ng4 10. c3 (10. c4 $6) (10. Bg5 $2 Qb6) 10... Ngxe5
11. Qf2 Nxf3+ 12. Qxf3 Be6 13. Bf4 Qd7 14. Qf2 d4 15. c4 Ne5 16. Nc2 Rad8 $15
17. Rab1 b6 18. b4 b5 $6 19. Bxe5 Bxe5 20. bxc5 bxc4 21. Nb4 Rb8 22. dxc4 Bxc4
23. Nd3 Qc7 24. Rxb8 Rxb8 25. c6 Bxa2 26. Nxe5 (26. Nxe5 Qxe5 27. Qf4 $14)
1/2-1/2

[Event "San Francisco"]
[Site "San Francisco"]
[Date "1991.??.??"]
[Round "11"]
[White "Grefe, John Alan"]
[Black "Browne, Walter Shawn"]
[Result "1/2-1/2"]
[WhiteElo "2385"]
[BlackElo "2500"]
[Annotator "Horn,Pe"]
[PlyCount "68"]
[EventDate "1991.03.??"]
[EventType "tourn"]
[EventRounds "11"]
[EventCountry "USA"]
[EventCategory "12"]
[SourceTitle "CBM 023"]
[Source "ChessBase"]
[SourceDate "1991.08.01"]
[SourceVersion "1"]
[SourceVersionDate "1991.08.01"]
[SourceQuality "1"]

1. f4 d5 2. Nf3 g6 3. g3 c5 4. Bg2 Bg7 5. O-O Nc6 6. d3 Nf6 7. Nc3 d4 8. Na4
Qd6 (8... Nd7 {wird häufiger gewählt}) 9. e4 dxe3 10. Bxe3 Nd4 {N} (10... b6
11. Ne5 Bb7 12. Nc4 $6 Qc7 13. Bxc5 $2 bxc5 14. Nxc5 Rc8 $19 {Garcia-Gheorghiu,
Skopje ol 1972}) 11. Ne5 Nd7 12. Nxd7 Bxd7 13. c3 O-O (13... Ne6 14. Bxb7 Rb8
15. Be4) 14. cxd4 (14. Bxb7 Rab8 15. Bg2 Bxa4 16. Qxa4 Ne2+ 17. Kh1 Rxb2) 14...
cxd4 (14... Bxd4 $5 15. Re1 (15. Bxd4 Qxd4+ 16. Kh1 Bxa4 17. b3 Bb5) (15. Qd2
Bxa4) 15... Bxe3+ 16. Rxe3 Qd4) 15. Bd2 b5 16. Nc5 Qxc5 17. Rc1 Qd6 18. Bxa8
Rxa8 19. Qf3 Re8 20. a3 Bf5 21. Bb4 Qd7 22. Ba5 e5 23. Rc7 Qe6 24. fxe5 Bxe5
25. Re1 Qb3 26. Rc5 f6 27. Qc6 Rc8 28. Rxb5 Qxd3 29. Qd5+ Kh8 30. Rc5 Rxc5 31.
Qxc5 Kg7 32. Qe7+ Kh6 33. Rxe5 fxe5 34. Qh4+ Kg7 1/2-1/2

[Event "Groningen"]
[Site "Groningen"]
[Date "1990.??.??"]
[Round "?"]
[White "Rogers, Ian"]
[Black "Brenninkmeijer, Joris"]
[Result "1-0"]
[WhiteElo "2535"]
[BlackElo "2510"]
[Annotator "Horn,Pe"]
[PlyCount "59"]
[EventDate "1990.12.??"]
[EventType "tourn"]
[EventRounds "9"]
[EventCountry "NED"]
[EventCategory "13"]
[SourceTitle "CBM 021"]
[Source "ChessBase"]
[SourceDate "1991.04.01"]
[SourceVersion "1"]
[SourceVersionDate "1991.04.01"]
[SourceQuality "1"]

1. b3 d5 2. Bb2 c6 3. e3 Nf6 4. f4 Bg4 5. Nf3 Nbd7 6. h3 Bxf3 7. Qxf3 h5 (7...
Qc7 $5) (7... g6 $5) 8. g3 (8. g4 $2 hxg4 9. hxg4 Rxh1 10. Qxh1 Nxg4) 8... Qc7
9. c4 e6 (9... e5 10. fxe5 (10. cxd5 e4) 10... Nxe5 11. Qf5 Ned7 (11... Bd6 $2
12. c5)) 10. Nc3 Bc5 11. cxd5 exd5 12. Bd3 O-O-O 13. O-O-O Rhe8 14. Kb1 Kb8 15.
g4 $14 hxg4 16. hxg4 d4 $2 17. exd4 $1 Bxd4 18. g5 Bxc3 (18... Ng8 19. Nd5 cxd5
20. Bxd4 $16) 19. dxc3 Nd5 20. c4 $1 $16 Nxf4 21. Bf5 Ng6 22. Bxg7 Ndf8 23. Bc2
Ne6 24. Bf6 Rxd1+ 25. Rxd1 Nc5 26. Qf5 b6 27. b4 Ne6 28. a3 Nef8 29. Be4 Ne5
30. Rd8+ (30. Rd8+ Rxd8 31. Bxe5 Rd6 32. Qf4 $18) 1-0

[Event "Presidents Cup "]
[Site "Elista"]
[Date "1998.05.07"]
[Round "1.1"]
[White "Malaniuk, Vladimir P"]
[Black "Gelfand, Boris"]
[Result "0-1"]
[WhiteElo "2600"]
[BlackElo "2675"]
[Annotator "Lukacs,P"]
[PlyCount "114"]
[EventDate "1998.05.07"]
[EventType "k.o."]
[EventRounds "6"]
[EventCountry "RUS"]
[SourceTitle "CBM 065"]
[Source "ChessBase"]
[SourceDate "1998.08.06"]
[SourceVersion "1"]
[SourceVersionDate "1998.08.06"]
[SourceQuality "1"]

1. f4 d5 2. Nf3 g6 3. g3 Bg7 4. Bg2 {White is playing a Dutch Leningrad with
an extra tempo.} c6 {This is well-known plan against the Dutch Leningrad, the
threat of Qb6 may provoke d2-d4, which leads to a good Stonewall setup for
Black.} 5. Nc3 (5. O-O Qb6+ 6. d4 {is the main idea of 4...c6 depriving White
from his standard d3-e4 plan.} Nh6 {- Beim-Tukmakov, Groningen op. CBM 22}) (5.
d3 {/\ e4. Here White has some problems with 0-0.} Qb6 (5... Nh6 $5 6. e4 (6.
c3 Qb6) (6. Nc3 Qb6) 6... dxe4 7. dxe4 Qxd1+ 8. Kxd1 Na6 9. Ke2 Be6 10. Na3
O-O-O 11. Re1 Nc5 $11 {Huebner-Taimanov, Leningrad izt. 1973}) 6. c3 (6. Nc3
Nf6 (6... Nd7 {- Lima-Estremera Panas, Leon 1997 CBM 60}) 7. e4 dxe4 8. dxe4
O-O 9. Qe2 Bg4 10. h3 Bxf3 11. Bxf3 e5 12. Qf2 Nbd7 13. O-O Rfe8 14. Rb1 Qxf2+
15. Kxf2 Nb6 16. Rd1 Bf8 17. b4 Rad8 18. Rxd8 Rxd8 19. b5 Nc4 $15 {T.
Yilmaz-Kotronias, Novi Sad ol. 1990}) 6... Nf6 7. e3 {This setup seems to be
too passive for me.} Nbd7 8. O-O O-O 9. Kh1 Qc7 10. d4 Ne4 11. Nbd2 Ndf6 12.
Nxe4 Nxe4 13. Nd2 Bf5 14. g4 Nxd2 15. Bxd2 Bd3 16. Rf2 $11 {Grivas-Co.Ionescu,
Kavala 1990}) 5... d4 (5... Nh6 $5) 6. Ne4 Nf6 7. Nf2 $5 (7. Nxf6+ Bxf6 8. O-O
O-O $11) 7... c5 8. O-O Nc6 9. e4 (9. d3 Nd5) 9... dxe3 (9... e5 10. d3 O-O 11.
f5 $5) 10. dxe3 Qxd1 11. Rxd1 O-O (11... Bf5 $6 {There is no real threat of
Bxc2.} 12. Ne5 $1 Nxe5 (12... Bxc2 $2 13. Rd2 Ba4 $1 14. b3 Bb5 15. a4 $18) (
12... Rc8 13. Nxc6 bxc6 14. e4 $16) 13. fxe5 Nd7 14. Bxb7 Rb8 15. Bc6 Bxe5 16.
e4 Be6 17. Bf4 $16) 12. c3 e5 $1 13. Ng5 (13. fxe5 $2 Ng4 $17) (13. Nxe5 Nxe5
14. fxe5 Ng4 15. Nxg4 (15. Ne4 Nxe5 16. Nxc5 Rb8 $1 {/\ b6 ©}) 15... Bxg4 16.
Re1 Rab8 $1 (16... Bxe5 17. Bxb7 Rab8 (17... Rad8 18. e4) 18. Bd5 $1 $14) 17.
e4 Bxe5 18. Bf4 f6 $11 {with a bad Bg2.}) 13... c4 $1 {gaining some space on
the <<.} 14. h3 (14. Nge4 Nxe4 15. Bxe4 (15. Nxe4 Bg4 {/\ Rad8}) 15... Be6 {
and White has problems with development.}) 14... Re8 15. Bd2 (15. Nge4 $6 Nxe4
16. Nxe4 exf4 17. exf4 (17. Nd6 Rd8 $1 {/\ Bf8}) 17... Bf5 18. Nd6 Rad8 $1 $17
{with a nasty pin.}) 15... h6 16. Nf3 (16. Nge4 Nxe4 17. Nxe4 Rd8 $1 {/\ f5})
16... Be6 $6 {Black wants to get more than equality, which was clear after 16..
.exf4.} (16... Bf5 $2 17. Nxe5 $1) (16... exf4 $142 $1 17. exf4 Bf5 $11) 17. e4
$1 (17. Nxe5 Nxe5 18. fxe5 Nd7 19. Bxb7 Rab8 20. Bc6 Rxb2) 17... Nd7 (17... Nh5
$6 18. f5 $1) 18. Be3 Bf8 (18... f6 19. Nh4 $1) 19. Nh4 $1 {/\ f4-f5} exf4 (
19... Bc5 20. Bxc5 Nxc5 21. f5 g5 22. fxe6 gxh4 23. exf7+ Kxf7 24. gxh4 $11)
20. gxf4 Bc5 21. Bxc5 Nxc5 22. f5 g5 23. fxe6 gxh4 24. exf7+ Kxf7 25. Rd5 b6
26. Ng4 Re6 27. Rf1+ Kg6 28. e5 (28. Rdf5 h5) 28... h5 29. Rf6+ (29. Rxc5 bxc5
30. Bd5 Rae8 31. Bxe6 Rxe6 $11) 29... Rxf6 30. Nxf6 Rd8 31. Rxc5 $6 {pushing
too hard. Here White has to accept that the position is not better for him.} (
31. Rxd8 Nxd8 32. Bd5 b5 {/\ Kf5 =}) 31... Rd1+ 32. Kf2 bxc5 33. Be4+ (33. Bxc6
Kf5) 33... Kf7 34. Bxc6 Ke6 {Black's pieces are very active, and there is a
lack of coordination between White's pieces. With pawns an both wings the R is
dangerous!} 35. Ne4 $2 (35. Nxh5 Rd2+) (35. Nd7 $1 Rd2+ 36. Ke3 Rxb2 37. a4 Kf5
38. Nxc5 Kxe5 39. Ne4 Rh2 40. Bd7) 35... Kxe5 36. a4 (36. b3 Ra1 $1) 36... Kf4
37. Nxc5 Rd2+ 38. Ke1 Rxb2 39. Kd1 (39. Bd5 Rc2) 39... Rb6 $1 $19 40. Bg2 (40.
Bd7 $2 Rd6+ 41. Ke2 Rd5 $19) 40... Rb1+ 41. Kc2 Ra1 42. Bc6 Kg3 43. Bd7 Re1 44.
Ne6 (44. Kd2 $2 Re5 $19) 44... Kxh3 45. Nf4+ Kh2 46. Nxh5 Re2+ 47. Kc1 Rf2 48.
Kd1 Rf3 49. Ke2 Rxc3 50. Nf4 Kg3 51. Nh5+ Kh2 52. Nf4 Ra3 53. Kf2 c3 54. Ke3
Ra1 55. Bf5 Rxa4 56. Ne2 Rc4 57. Bc2 Kg2 0-1